00439nam a2200157Ia 4500003000400000005001700004008004100021020001800062040000900080082001800089100002400107245006400131260005700195300000900252650002000261OSt20200206112918.0190216s9999||||xx |||||||||||||| ||und|| a9788182660953 coclc a297.63bALI/M a Ali, P K Muhammed 0aMuhammed Nabi: Jeevitavum Sandesavum /c P K Muhammed Ali bMathrubhumi Printing &publishing,c2011.aKozhikode: a287p aIslamic History